00725nam a2200265Ia 450000500170000000800460001702000180006303700100008104000080009104000080009904000080010704100080011504100080012308400080013110000280013924500720016726000230023926000090026236500050027136500080027685600530028494200100033799900210034795200910036820260324112443.0008 260324s9999 xx 000 0 eng d a9781003537007 aEBOOK aCRL beng cCRL 2eng aeng qCRL aLionel Corbett91142758 2aA Jungian and Psychoanalytic Approach to Biblical Myth and Religion bTaylor and Francis c2024 a b205 uhttp://www.taylorfrancis.com/books/9781003537007 cEBOOK c1731974d1731974 00104070aCRLbCRLd2026-03-24l0pCL2014191r2026-03-24 11:24:43w2026-03-24yEBOOK